Central Library OPAC University of Rajshahi

Instrumental element and multi-element analysis of plant samples : (Record no. 68155)

MARC details
000 -LEADER
fixed length control field 00860nam a2200241 a 4500
001 - CONTROL NUMBER
control field 68155
003 - CONTROL NUMBER IDENTIFIER
rucl marc code BD-RjUL
005 - DATE AND TIME OF LATEST TRANSACTION
control field 20211209081733.0
008 - FIXED-LENGTH DATA ELEMENTS--GENERAL INFORMATION
fixed length control field 170330s1996 enkabf b 001 0 eng
020 ## - INTERNATIONAL STANDARD BOOK NUMBER
International Standard Book Number 0471958654 (acidfree paper)
035 ## - SYSTEM CONTROL NUMBER
System control number (BD-RjUL)
040 ## - CATALOGING SOURCE
Original cataloging agency DLC
Transcribing agency DLC
Modifying agency DLC
-- BD-RjUL
Language of cataloging eng
041 1# - LANGUAGE CODE
Language code of text/sound track or separate title eng
Language code of original ger
082 00 - DEWEY DECIMAL CLASSIFICATION NUMBER
Edition number 23
Classification number 580.12
Author mark and year MAI 1996
100 1# - MAIN ENTRY--PERSONAL NAME
Personal name Markert, B. A.
Fuller form of name (Bernd A.)
9 (RLIN) 202033
245 10 - TITLE STATEMENT
Title Instrumental element and multi-element analysis of plant samples :
Remainder of title methods and applications /
Statement of responsibility, etc. Bernd Markert ; translated by Brooks Haderlie.
260 ## - PUBLICATION, DISTRIBUTION, ETC. (IMPRINT)
Place of publication, distribution, etc. Chichester ;
-- New York :
Name of publisher, distributor, etc. John Wiley,
Date of publication, distribution, etc. c1996.
300 ## - PHYSICAL DESCRIPTION
Pagination xvi, 296 p. :
Illustrations ill.;
Size 24 cm.
504 ## - BIBLIOGRAPHY, ETC. NOTE
Bibliography, etc Includes bibliographical references (p. [177]-205) and index.
650 #0 - SUBJECT ADDED ENTRY--TOPICAL TERM
Topical term or geographic name as entry element Plants
General subdivision Analysis.
9 (RLIN) 202034
Topical term or geographic name as entry element Environmental sampling.
9 (RLIN) 202035
942 ## - ADDED ENTRY ELEMENTS (KOHA)
Source of classification or shelving scheme Dewey Decimal Classification
Koha item type Books
Holdings
Lost status Source of classification or shelving scheme Damaged status Not for loan Collection code Permanent Location Current Location Shelving location Date acquired Source of acquisition Cost, normal purchase price Total Checkouts Full call number Date last seen Copy number Koha item type
  Dewey Decimal Classification   Not For Loan Non-fiction Central Library, University of Rajshahi Central Library, University of Rajshahi Reading Room 23/08/2008 Dhaka, Mullick & Brothers 7590.00   580.12 MAI 1996 30/03/2017 C-1 Books